| 000 | 00546nam a22001937a 4500 | ||
|---|---|---|---|
| 999 |
_c9889 _d9889 |
||
| 003 | GBCCL | ||
| 005 | 20241126110721.0 | ||
| 008 | 230818b ||||| |||| 00| 0 eng d | ||
| 040 | _cgbc | ||
| 082 |
_a423 _bGUI |
||
| 100 |
_aGuite, Vuphil Lianzathang _917197 |
||
| 245 |
_aEnglish Hindi Paite dictionary : _btrilingual dictionary |
||
| 260 |
_aLamka : _bAuthor, _c2023 |
||
| 300 | _a440p. ; | ||
| 650 |
_aEnglish language _vDictionaries _913776 |
||
| 650 |
_aPaite _vDictionary _917198 |
||
| 650 |
_aHindi _vDictionary _917199 |
||
| 942 |
_2ddc _cREF |
||